Stylistics

Uložené v:
Podrobná bibliografia
Hlavný autor: Verdonk, Peter
Médium: Kniha
Jazyk:English
Vydavateľské údaje: Oxford Oxford University Press 2014
Edícia:Oxford introductions to language study
Predmet:
Tagy: Pridať tag
Žiadne tagy, Buďte prvý, kto otaguje tento záznam!

MARC

LEADER 00000nam a2200000 4500
001 0189987
005 20230109114949.4
020 |a 978-0-19-437240-4 
041 0 |a eng 
044 |a GB 
245 1 0 |a Stylistics  |c Peter Verdonk 
264 1 |a Oxford  |b Oxford University Press  |c 2014 
300 |a 124 s. 
490 1 |a Oxford introductions to language study 
830 0 |a Oxford introductions to language study 
610 2 0 |a jazykoveda 
610 2 0 |a štylistika 
610 2 0 |a literatúra 
610 2 0 |a prejavy 
100 1 |a Verdonk, Peter